[Event "EYCC 2024 - O12"]
[Site "?"]
[Date "2024.08.29"]
[Round "7.8"]
[White "Kopecny, Filip"]
[Black "Torres Rebolledo, Alvaro"]
[Result "1-0"]
[BlackElo "2193"]
[WhiteElo "2008"]
[LiveChessVersion "1.4.8"]

1. Nf3 {[%clk 1:30:40]} Nf6 {[%clk 1:30:02]} 2. d4 {[%clk 1:30:55]} e6
{[%clk 1:30:18]} 3. g3 {[%clk 1:31:19]} d5 {[%clk 1:30:12]} 4. Bg2
{[%clk 1:31:41]} Be7 {[%clk 1:30:27]} 5. O-O {[%clk 1:32:05]} O-O
{[%clk 1:30:41]} 6. c4 {[%clk 1:32:30]} dxc4 {[%clk 1:30:44]} 7. Qc2
{[%clk 1:32:45]} a6 {[%clk 1:30:57]} 8. a4 {[%clk 1:32:57]} Bd7 {[%clk 1:30:43]}
9. Qxc4 {[%clk 1:32:57]} Bc6 {[%clk 1:30:45]} 10. Bg5 {[%clk 1:33:18]} Nbd7
{[%clk 1:24:46]} 11. Nc3 {[%clk 1:32:41]} a5 {[%clk 1:20:53]} 12. Rfe1
{[%clk 1:31:40]} h6 {[%clk 1:07:09]} 13. Bxf6 {[%clk 1:26:30]} Nxf6
{[%clk 1:06:36]} 14. e4 {[%clk 1:25:55]} Bb4 {[%clk 1:05:04]} 15. Ne5
{[%clk 1:24:59]} Ra6 {[%clk 1:02:38]} 16. Rad1 {[%clk 1:20:44]} Qe8
{[%clk 0:53:24]} 17. d5 {[%clk 1:08:06]} Bxa4 {[%clk 0:49:51]} 18. Ra1
{[%clk 1:08:23]} Bd7 {[%clk 0:48:47]} 19. Nd3 {[%clk 1:06:17]} exd5
{[%clk 0:37:30]} 20. exd5 {[%clk 1:06:09]} Qa8 {[%clk 0:35:41]} 21. Nxb4
{[%clk 1:05:13]} axb4 {[%clk 0:35:56]} 22. Rxa6 {[%clk 1:05:37]} Qxa6
{[%clk 0:36:08]} 23. Qxb4 {[%clk 1:06:02]} b5 {[%clk 0:27:22]} 24. Bf1
{[%clk 0:57:31]} Rb8 {[%clk 0:25:08]} 25. Qc5 {[%clk 0:56:51]} Qb6
{[%clk 0:18:17]} 26. Qxb6 {[%clk 0:55:17]} Rxb6 {[%clk 0:18:37]} 27. b4
{[%clk 0:54:30]} Kf8 {[%clk 0:14:59]} 28. f3 {[%clk 0:54:20]} Ne8
{[%clk 0:13:18]} 29. Ra1 {[%clk 0:53:58]} Rb7 {[%clk 0:11:50]} 30. Ne4
{[%clk 0:53:29]} Rb6 {[%clk 0:09:31]} 31. Ra7 {[%clk 0:52:21]} Ke7
{[%clk 0:07:51]} 32. Kf2 {[%clk 0:52:26]} f5 {[%clk 0:07:17]} 33. Nc3
{[%clk 0:49:25]} Kd6 {[%clk 0:05:30]} 34. Ke3 {[%clk 0:49:14]} Nf6
{[%clk 0:04:13]} 35. Kd4 {[%clk 0:49:37]} g5 {[%clk 0:02:59]} 36. Ra5
{[%clk 0:48:35]} c6 {[%clk 0:03:02]} 37. dxc6 {[%clk 0:48:43]} Bxc6
{[%clk 0:03:15]} 38. Nxb5+ {[%clk 0:45:53]} Ke7 {[%clk 0:02:31]} 39. Be2
{[%clk 0:38:35]} Nd7 {[%clk 0:02:27]} 40. f4 {[%clk 0:36:37]} Nf8
{[%clk 0:01:24]} 41. Bc4 {[%clk 0:31:24]} Kf6 {[%clk 0:01:12]} 42. Nd6
{[%clk 0:31:10]} Bd7 {[%clk 0:00:53]} 43. Nb5 {[%clk 0:30:08]} Bc6
{[%clk 0:00:46]} 44. Nc3 {[%clk 0:27:36]} Bb7 {[%clk 0:00:37]} 45. b5
{[%clk 0:23:01]} gxf4 {[%clk 0:00:44]} 46. gxf4 {[%clk 0:22:58]} Rd6+
{[%clk 0:00:51]} 47. Kc5 {[%clk 0:23:12]} Rd2 {[%clk 0:01:10]} 48. Ra7
{[%clk 0:22:37]} Nd7+ {[%clk 0:01:16]} 49. Kb4 {[%clk 0:22:58]} Bf3
{[%clk 0:01:17]} 50. Ra6+ {[%clk 0:23:10]} Ke7 {[%clk 0:01:12]} 51. Re6+
{[%clk 0:22:50]} Kd8 {[%clk 0:01:37]} 52. Rxh6 {[%clk 0:23:02]} Rd4
{[%clk 0:01:59]} 53. b6 {[%clk 0:17:06]} Rxf4 {[%clk 0:01:43]} 54. Kb5
{[%clk 0:16:52]} Rd4 {[%clk 0:01:40]} 55. Na4 {[%clk 0:12:57]} Ne5
{[%clk 0:01:57]} 56. Be6 {[%clk 0:11:28]} Bc6+ {[%clk 0:02:09]} 57. Kc5
{[%clk 0:11:29]} Rd2 {[%clk 0:01:16]} 58. Bxf5 {[%clk 0:09:27]} Rd5+
{[%clk 0:01:08]} 59. Kb4 {[%clk 0:09:21]} Rd4+ {[%clk 0:01:33]} 60. Kc3
{[%clk 0:07:09]} Rxa4 {[%clk 0:01:44]} 61. Rd6+ {[%clk 0:06:45]} Bd7
{[%clk 0:01:01]} 62. Bxd7 {[%clk 0:06:00]} Nxd7 {[%clk 0:01:12]} 63. b7
{[%clk 0:06:22]} Kc7 {[%clk 0:01:03]} 64. Rxd7+ {[%clk 0:06:46]} Kb8
{[%clk 0:01:30]} 65. Rh7 {[%clk 0:07:07]} Rg4 {[%clk 0:01:34]} 66. h4
{[%clk 0:07:24]} Rf4 {[%clk 0:02:01]} 67. h5 {[%clk 0:07:44]} Rh4
{[%clk 0:02:02]} 68. h6 {[%clk 0:08:02]} Rg4 {[%clk 0:02:25]} 69. Rg7
{[%clk 0:08:15]} Rh4 {[%clk 0:02:33]} 70. h7 {[%clk 0:08:38]} Ka7
{[%clk 0:02:57]} 71. b8=Q+ {[%clk 0:08:38]} Kxb8 {[%clk 0:02:46]} 72. Rg8+
{[%clk 0:09:02]} Kc7 {[%clk 0:03:14]} 73. h8=Q {[%clk 0:09:20]} 1-0

[Event "EYCC 2024 - O12"]
[Site "?"]
[Date "2024.08.29"]
[Round "7.9"]
[White "Jimji, Vitali"]
[Black "Golubovic, Erik"]
[Result "0-1"]
[BlackElo "2117"]
[WhiteElo "1813"]
[LiveChessVersion "1.4.8"]

1. d4 {[%clk 1:30:56]} Nf6 {[%clk 1:30:50]} 2. c4 {[%clk 1:29:57]} e6
{[%clk 1:30:33]} 3. Nc3 {[%clk 1:27:29]} c5 {[%clk 1:30:09]} 4. Nf3
{[%clk 1:26:36]} d5 {[%clk 1:25:27]} 5. e3 {[%clk 1:25:42]} Nc6 {[%clk 1:25:31]}
6. b3 {[%clk 1:17:12]} cxd4 {[%clk 1:21:27]} 7. Nxd4 {[%clk 1:11:15]} Bb4
{[%clk 1:17:40]} 8. Bb2 {[%clk 1:10:21]} Ne4 {[%clk 1:11:02]} 9. Nde2
{[%clk 1:07:35]} Qf6 {[%clk 1:07:09]} 10. Qc2 {[%clk 1:06:59]} Qxf2+
{[%clk 1:00:46]} 11. Kd1 {[%clk 1:07:25]} O-O {[%clk 0:59:12]} 12. a3
{[%clk 1:01:19]} Bxc3 {[%clk 0:49:48]} 13. Nxc3 {[%clk 1:01:39]} Qxe3
{[%clk 0:50:03]} 14. Nxe4 {[%clk 1:01:34]} dxe4 {[%clk 0:50:20]} 15. Qc3
{[%clk 1:00:14]} Rd8+ {[%clk 0:49:30]} 16. Kc2 {[%clk 0:59:07]} Nd4+
{[%clk 0:49:49]} 17. Kb1 {[%clk 0:59:10]} Qxc3 {[%clk 0:50:07]} 18. Bxc3
{[%clk 0:59:36]} Nxb3 {[%clk 0:50:27]} 19. Ra2 {[%clk 0:59:57]} b6
{[%clk 0:49:47]} 20. g4 {[%clk 0:57:17]} Ba6 {[%clk 0:48:53]} 21. Rf2
{[%clk 0:57:21]} Rac8 {[%clk 0:46:39]} 22. h4 {[%clk 0:49:34]} Bxc4
{[%clk 0:46:20]} 23. Bh3 {[%clk 0:49:22]} e3 {[%clk 0:44:22]} 24. Rf4
{[%clk 0:49:47]} Bd5 {[%clk 0:44:02]} 0-1

[Event "EYCC 2024 - O12"]
[Site "?"]
[Date "2024.08.29"]
[Round "7.10"]
[White "Saminskij, Jan"]
[Black "Tatvidze, Davit"]
[Result "1-0"]
[BlackElo "2011"]
[WhiteElo "2115"]
[LiveChessVersion "1.4.8"]

1. e4 {[%clk 1:29:59]} c5 {[%clk 1:30:56]} 2. Nf3 {[%clk 1:30:18]} Nc6
{[%clk 1:31:23]} 3. d4 {[%clk 1:30:32]} cxd4 {[%clk 1:31:43]} 4. Nxd4
{[%clk 1:30:15]} g6 {[%clk 1:32:07]} 5. c4 {[%clk 1:30:29]} Bg7 {[%clk 1:32:33]}
6. Be3 {[%clk 1:30:41]} Nf6 {[%clk 1:32:59]} 7. Nc3 {[%clk 1:30:39]} Ng4
{[%clk 1:33:23]} 8. Qxg4 {[%clk 1:30:34]} Nxd4 {[%clk 1:33:43]} 9. Qd1
{[%clk 1:30:38]} Ne6 {[%clk 1:34:08]} 10. Qd2 {[%clk 1:30:32]} Qa5
{[%clk 1:34:09]} 11. Rc1 {[%clk 1:30:20]} b6 {[%clk 1:34:35]} 12. Bd3
{[%clk 1:30:38]} Bb7 {[%clk 1:34:21]} 13. O-O {[%clk 1:29:43]} g5
{[%clk 1:30:33]} 14. a3 {[%clk 1:26:19]} Qe5 {[%clk 1:29:38]} 15. b4
{[%clk 1:20:28]} Nf4 {[%clk 1:02:20]} 16. Rfd1 {[%clk 0:59:27]} O-O
{[%clk 0:56:55]} 17. f3 {[%clk 0:54:26]} d6 {[%clk 0:40:08]} 18. Nb5
{[%clk 0:45:52]} Nxd3 {[%clk 0:17:56]} 19. Qxd3 {[%clk 0:45:56]} g4
{[%clk 0:18:07]} 20. Bd4 {[%clk 0:44:24]} Qg5 {[%clk 0:17:59]} 21. Bxg7
{[%clk 0:42:07]} Kxg7 {[%clk 0:08:58]} 22. Nd4 {[%clk 0:40:28]} e6
{[%clk 0:05:31]} 23. Qc3 {[%clk 0:39:08]} Kg8 {[%clk 0:05:07]} 24. Kh1
{[%clk 0:37:08]} a6 {[%clk 0:04:03]} 25. Rf1 {[%clk 0:34:11]} Qg7
{[%clk 0:03:12]} 26. Qe3 {[%clk 0:32:46]} Kh8 {[%clk 0:01:29]} 27. f4
{[%clk 0:32:16]} Qh6 {[%clk 0:01:10]} 28. Kg1 {[%clk 0:27:15]} Rfe8
{[%clk 0:01:01]} 29. Ne2 {[%clk 0:21:59]} f5 {[%clk 0:00:40]} 30. Ng3
{[%clk 0:21:44]} fxe4 {[%clk 0:00:42]} 31. Qxb6 {[%clk 0:21:52]} Qg7
{[%clk 0:00:50]} 32. f5 {[%clk 0:21:34]} Rac8 {[%clk 0:00:41]} 33. fxe6
{[%clk 0:20:55]} Rxe6 {[%clk 0:00:54]} 34. Nf5 {[%clk 0:21:18]} Qc7
{[%clk 0:00:51]} 35. Qd4+ {[%clk 0:21:16]} Kg8 {[%clk 0:01:17]} 36. c5
{[%clk 0:19:53]} d5 {[%clk 0:00:46]} 37. Nd6 {[%clk 0:16:17]} Rd8
{[%clk 0:00:51]} 38. Rf7 {[%clk 0:14:22]} Qxf7 {[%clk 0:01:12]} 39. Nxf7
{[%clk 0:14:48]} Kxf7 {[%clk 0:01:38]} 40. Rf1+ {[%clk 0:15:12]} Kg8
{[%clk 0:02:01]} 41. Rf4 {[%clk 0:15:06]} Rg6 {[%clk 0:00:53]} 42. Rxe4
{[%clk 0:15:04]} Bc8 {[%clk 0:00:41]} 43. Re7 {[%clk 0:15:03]} Rf8
{[%clk 0:00:36]} 44. Qxd5+ {[%clk 0:15:11]} Kh8 {[%clk 0:00:53]} 45. Qe5+
{[%clk 0:15:37]} Kg8 {[%clk 0:00:42]} 46. Re8 {[%clk 0:15:52]} Bd7
{[%clk 0:01:10]} 47. Rxf8+ {[%clk 0:16:13]} Kxf8 {[%clk 0:01:36]} 48. Qh8+
{[%clk 0:16:29]} Kf7 {[%clk 0:01:52]} 49. Qxh7+ {[%clk 0:16:52]} Rg7
{[%clk 0:02:20]} 50. Qh5+ {[%clk 0:17:12]} Kf8 {[%clk 0:02:39]} 51. Qd5
{[%clk 0:16:54]} Bb5 {[%clk 0:03:07]} 52. a4 {[%clk 0:16:58]} Bxa4
{[%clk 0:03:19]} 53. Qd8+ {[%clk 0:16:30]} Kf7 {[%clk 0:03:38]} 54. c6
{[%clk 0:16:31]} 1-0

[Event "EYCC 2024 - O12"]
[Site "?"]
[Date "2024.08.29"]
[Round "7.11"]
[White "Nezhyvenko, Mykhaylo"]
[Black "Fulgentini, Edoardo"]
[Result "0-1"]
[BlackElo "2009"]
[WhiteElo "2107"]
[LiveChessVersion "1.4.8"]

1. e4 {[%clk 1:30:59]} c5 {[%clk 1:30:55]} 2. c4 {[%clk 1:31:05]} Nc6
{[%clk 1:31:20]} 3. Nc3 {[%clk 1:31:30]} g6 {[%clk 1:31:47]} 4. g3
{[%clk 1:31:53]} Bg7 {[%clk 1:32:03]} 5. Bg2 {[%clk 1:32:03]} a6 {[%clk 1:31:40]}
6. Nge2 {[%clk 1:30:47]} b5 {[%clk 1:27:47]} 7. d3 {[%clk 1:28:26]} b4
{[%clk 1:26:00]} 8. Nd5 {[%clk 1:26:30]} e6 {[%clk 1:22:41]} 9. Ne3
{[%clk 1:26:30]} Nge7 {[%clk 1:20:01]} 10. O-O {[%clk 1:18:01]} O-O
{[%clk 1:16:52]} 11. Rb1 {[%clk 1:13:38]} Bb7 {[%clk 1:10:07]} 12. b3
{[%clk 1:09:42]} Qa5 {[%clk 1:06:04]} 13. Qd2 {[%clk 1:05:35]} Rad8
{[%clk 0:53:00]} 14. a4 {[%clk 1:02:29]} f5 {[%clk 0:46:58]} 15. Bb2
{[%clk 0:51:05]} Nd4 16. Bxd4 {[%clk 0:45:35]} cxd4 {[%clk 0:36:34]} 17. Nc2
{[%clk 0:46:00]} Nc6 {[%clk 0:35:08]} 18. exf5 {[%clk 0:41:53]} Qxf5
{[%clk 0:31:35]} 19. Be4 {[%clk 0:36:03]} Qc5 {[%clk 0:25:01]} 20. f4
{[%clk 0:26:51]} a5 {[%clk 0:24:57]} 21. Rf2 {[%clk 0:25:19]} Qb6
{[%clk 0:23:16]} 22. Rbf1 {[%clk 0:24:25]} d5 {[%clk 0:22:04]} 23. cxd5
{[%clk 0:24:33]} Ne7 {[%clk 0:22:29]} 24. d6 {[%clk 0:18:47]} Rxd6
{[%clk 0:22:38]} 25. Bxb7 {[%clk 0:18:23]} Qxb7 {[%clk 0:22:57]} 26. Ne1
{[%clk 0:16:54]} Rc8 {[%clk 0:21:01]} 27. Nf3 {[%clk 0:11:43]} Qd5
{[%clk 0:20:00]} 28. Qb2 {[%clk 0:09:39]} Nf5 {[%clk 0:20:04]} 29. Nd2
{[%clk 0:06:41]} Rc3 {[%clk 0:19:07]} 30. Nc4 {[%clk 0:05:18]} Rxd3
{[%clk 0:18:15]} 31. Nc1 {[%clk 0:04:35]} Rc3 {[%clk 0:16:47]} 32. Nxd6
{[%clk 0:04:21]} Nxd6 {[%clk 0:17:07]} 33. Qe2 {[%clk 0:03:09]} d3
{[%clk 0:17:13]} 34. Qf3 {[%clk 0:00:36]} Bd4 {[%clk 0:16:57]} 35. Qxd5
{[%clk 0:00:34]} exd5 {[%clk 0:17:17]} 36. Kg2 {[%clk 0:00:54]} Bxf2
{[%clk 0:17:33]} 37. Kxf2 {[%clk 0:01:19]} d2 {[%clk 0:17:39]} 38. Ne2
{[%clk 0:01:37]} Ne4+ {[%clk 0:18:05]} 0-1

[Event "EYCC 2024 - O12"]
[Site "?"]
[Date "2024.08.29"]
[Round "7.12"]
[White "Platonovs, Nikolajs"]
[Black "Vardi, Daniel"]
[Result "0-1"]
[BlackElo "2003"]
[WhiteElo "2092"]
[LiveChessVersion "1.4.8"]

1. e4 {[%clk 1:30:57]} c5 {[%clk 1:30:53]} 2. Nf3 e6 3. d4 {[%clk 1:31:46]} cxd4
{[%clk 1:31:47]} 4. Nxd4 {[%clk 1:32:12]} a6 {[%clk 1:32:12]} 5. Bd3
{[%clk 1:32:34]} Bc5 {[%clk 1:32:35]} 6. Nb3 {[%clk 1:32:59]} Ba7
{[%clk 1:33:04]} 7. Qe2 {[%clk 1:33:17]} Ne7 {[%clk 1:33:18]} 8. Be3
{[%clk 1:33:17]} Nbc6 {[%clk 1:33:33]} 9. Bxa7 {[%clk 1:33:13]} Rxa7
{[%clk 1:32:50]} 10. Nc3 {[%clk 1:33:37]} b5 {[%clk 1:32:42]} 11. O-O-O
{[%clk 1:33:00]} O-O {[%clk 1:32:15]} 12. e5 {[%clk 1:19:57]} b4 {[%clk 1:25:17]}
13. Na4 {[%clk 1:18:31]} Nd5 {[%clk 1:24:57]} 14. Kb1 {[%clk 1:07:35]} Qg5
{[%clk 1:16:11]} 15. Rhe1 {[%clk 1:02:06]} Rc7 {[%clk 1:05:30]} 16. h4
{[%clk 0:54:10]} Qe7 {[%clk 0:51:01]} 17. Be4 {[%clk 0:51:55]} Nf4
{[%clk 0:47:53]} 18. Qg4 {[%clk 0:44:50]} Ng6 {[%clk 0:45:53]} 19. Bxc6
{[%clk 0:43:42]} dxc6 {[%clk 0:43:02]} 20. h5 {[%clk 0:41:56]} Nh4
{[%clk 0:43:18]} 21. Nbc5 {[%clk 0:34:57]} a5 {[%clk 0:41:18]} 22. Qe4
{[%clk 0:30:38]} Qg5 {[%clk 0:34:01]} 23. g4 {[%clk 0:21:22]} f5 {[%clk 0:27:30]}
24. exf6 {[%clk 0:20:55]} Qxf6 {[%clk 0:27:42]} 25. Nb6 {[%clk 0:11:19]} Nf3
{[%clk 0:21:12]} 26. Re2 {[%clk 0:08:11]} e5 {[%clk 0:12:57]} 27. Qc4+
{[%clk 0:06:50]} Kh8 {[%clk 0:12:59]} 28. Nxc8 {[%clk 0:06:29]} Rcxc8
{[%clk 0:13:06]} 29. g5 {[%clk 0:03:14]} Rfd8 {[%clk 0:12:23]} 30. Nd3
{[%clk 0:00:33]} Nxg5 {[%clk 0:11:43]} 31. Rc1 {[%clk 0:00:32]} Nf3
{[%clk 0:10:27]} 32. Ka1 {[%clk 0:00:31]} Qg5 {[%clk 0:09:11]} 33. Rd1
{[%clk 0:00:31]} Qxh5 {[%clk 0:08:48]} 34. Qe4 {[%clk 0:00:32]} Rd4
{[%clk 0:08:26]} 35. Qe3 {[%clk 0:00:34]} e4 {[%clk 0:08:42]} 36. Rc1
{[%clk 0:00:31]} exd3 {[%clk 0:08:43]} 37. cxd3 {[%clk 0:00:54]} Rdd8
{[%clk 0:08:57]} 38. Qf4 {[%clk 0:00:32]} Qg5 {[%clk 0:09:11]} 39. Qc4
{[%clk 0:00:37]} Qd5 {[%clk 0:09:08]} 40. Qf4 {[%clk 0:00:31]} Re8
{[%clk 0:08:42]} 41. Rec2 {[%clk 0:00:35]} Nd4 {[%clk 0:08:49]} 42. Rc5
{[%clk 0:00:31]} Qxc5 {[%clk 0:09:04]} 43. Rxc5 {[%clk 0:00:46]} Re1+
{[%clk 0:09:33]} 44. Rc1 {[%clk 0:00:58]} Ne2 {[%clk 0:10:02]} 45. Rxe1
{[%clk 0:01:10]} Nxf4 {[%clk 0:10:30]} 46. Re5 {[%clk 0:01:29]} Nxd3
{[%clk 0:10:55]} 47. Rxa5 {[%clk 0:01:53]} Re8 {[%clk 0:11:21]} 48. Kb1
{[%clk 0:02:09]} c5 {[%clk 0:11:31]} 49. Kc2 {[%clk 0:02:30]} c4 {[%clk 0:11:55]}
50. b3 {[%clk 0:02:24]} Ne1+ {[%clk 0:12:21]} 51. Kd1 {[%clk 0:02:46]} c3
{[%clk 0:12:46]} 52. a3 {[%clk 0:02:55]} c2+ {[%clk 0:13:08]} 53. Kc1
{[%clk 0:03:22]} Rc8 {[%clk 0:13:33]} 54. Rd5 {[%clk 0:03:28]} bxa3
{[%clk 0:13:57]} 0-1

[Event "EYCC 2024 - O12"]
[Site "?"]
[Date "2024.08.29"]
[Round "7.13"]
[White "Varyemez, Ali"]
[Black "Verbytski, Oleg"]
[Result "1/2-1/2"]
[BlackElo "2060"]
[WhiteElo "1964"]
[LiveChessVersion "1.4.8"]

1. Nf3 {[%clk 1:30:57]} Nf6 {[%clk 1:30:53]} 2. g3 {[%clk 1:31:22]} e6
{[%clk 1:31:18]} 3. Bg2 {[%clk 1:31:47]} d5 {[%clk 1:31:43]} 4. O-O
{[%clk 1:32:12]} Be7 {[%clk 1:32:10]} 5. d4 {[%clk 1:32:34]} O-O {[%clk 1:32:35]}
6. c4 {[%clk 1:33:00]} dxc4 {[%clk 1:32:26]} 7. a4 {[%clk 1:33:24]} Bd7
{[%clk 1:26:08]} 8. Qc2 {[%clk 1:32:52]} Bc6 {[%clk 1:26:03]} 9. Qxc4
{[%clk 1:26:51]} Bd5 {[%clk 1:19:28]} 10. Qc2 {[%clk 1:25:15]} Nc6
{[%clk 1:19:09]} 11. e3 {[%clk 1:16:57]} Nb4 {[%clk 1:16:33]} 12. Qe2
{[%clk 1:15:26]} c5 {[%clk 1:13:47]} 13. dxc5 {[%clk 1:00:48]} Bxc5
{[%clk 1:13:24]} 14. Nc3 {[%clk 1:01:11]} Bc6 {[%clk 1:12:03]} 15. b3
{[%clk 0:50:34]} Nbd5 {[%clk 1:09:13]} 16. Bb2 {[%clk 0:41:38]} Nxc3
{[%clk 0:53:37]} 17. Bxc3 {[%clk 0:42:06]} Qe7 {[%clk 0:53:41]} 18. Qb2
{[%clk 0:36:33]} a5 {[%clk 0:48:12]} 19. Nd2 {[%clk 0:29:48]} Bxg2
{[%clk 0:47:29]} 20. Kxg2 {[%clk 0:27:50]} Bb4 {[%clk 0:44:06]} 21. Bxf6
{[%clk 0:26:33]} Qxf6 {[%clk 0:44:25]} 22. Qxf6 {[%clk 0:26:56]} gxf6
{[%clk 0:44:54]} 23. Nc4 {[%clk 0:24:30]} Rfd8 {[%clk 0:41:05]} 24. Rfd1
{[%clk 0:24:27]} Rac8 {[%clk 0:38:59]} 25. Kf3 {[%clk 0:23:45]} Kf8
{[%clk 0:37:54]} 26. Ke2 {[%clk 0:23:35]} Ke7 {[%clk 0:37:03]} 27. Rac1
{[%clk 0:16:23]} Rxd1 {[%clk 0:33:55]} 28. Rxd1 {[%clk 0:14:06]} Rc5
{[%clk 0:34:18]} 29. Kd3 {[%clk 0:10:07]} Rh5 {[%clk 0:33:23]} 30. h4
{[%clk 0:09:48]} b5 {[%clk 0:32:58]} 31. axb5 {[%clk 0:09:22]} 1/2-1/2

[Event "EYCC 2024 - O12"]
[Site "?"]
[Date "2024.08.29"]
[Round "7.14"]
[White "Hanache, Kai"]
[Black "Beniosev, Daniel"]
[Result "1/2-1/2"]
[BlackElo "1728"]
[WhiteElo "2057"]
[LiveChessVersion "1.4.8"]

1. e4 {[%clk 1:30:44]} c5 {[%clk 1:30:34]} 2. Nf3 {[%clk 1:31:06]} e6 3. g3
{[%clk 1:31:14]} Nc6 {[%clk 1:30:10]} 4. Bg2 {[%clk 1:31:37]} Nf6
{[%clk 1:29:48]} 5. Qe2 {[%clk 1:31:52]} e5 {[%clk 1:29:44]} 6. O-O
{[%clk 1:31:31]} Be7 {[%clk 1:29:06]} 7. c3 {[%clk 1:31:39]} O-O {[%clk 1:28:19]}
8. Rd1 {[%clk 1:30:49]} Re8 {[%clk 1:24:01]} 9. Na3 {[%clk 1:28:47]} Bf8
{[%clk 1:22:39]} 10. d3 {[%clk 1:27:36]} h6 {[%clk 1:22:11]} 11. Nc4
{[%clk 1:26:35]} d6 {[%clk 1:21:28]} 12. h3 {[%clk 1:25:06]} Be6 {[%clk 1:19:43]}
13. Ne3 {[%clk 1:24:28]} Qd7 {[%clk 1:18:21]} 14. Kh2 {[%clk 1:22:43]} d5
{[%clk 1:17:08]} 15. exd5 {[%clk 1:21:09]} Nxd5 {[%clk 1:15:56]} 16. d4
{[%clk 1:18:45]} exd4 {[%clk 0:35:54]} 17. cxd4 {[%clk 1:18:52]} Qe7
{[%clk 0:30:59]} 18. Qb5 {[%clk 1:13:12]} a6 {[%clk 0:29:25]} 19. Qxc5
{[%clk 1:11:06]} Qxc5 {[%clk 0:29:44]} 20. dxc5 {[%clk 1:11:27]} Nf6
{[%clk 0:29:59]} 21. Nd4 {[%clk 1:10:43]} Nxd4 {[%clk 0:30:02]} 22. Rxd4
{[%clk 1:11:10]} Bxc5 {[%clk 0:30:24]} 23. Rd3 {[%clk 1:10:56]} Rab8
{[%clk 0:29:40]} 24. f4 {[%clk 1:04:45]} b6 25. g4 {[%clk 0:58:31]} Rbd8
{[%clk 0:25:30]} 26. Rxd8 {[%clk 0:58:23]} Rxd8 {[%clk 0:25:54]} 27. f5
{[%clk 0:57:23]} Bd7 {[%clk 0:26:06]} 28. Nc2 {[%clk 0:54:27]} Ba4
{[%clk 0:25:06]} 29. b3 {[%clk 0:53:54]} Bd6+ {[%clk 0:25:19]} 30. Kg1
{[%clk 0:53:40]} Be5 {[%clk 0:25:30]} 31. Rb1 {[%clk 0:53:23]} Rd1+
{[%clk 0:25:30]} 32. Kf2 {[%clk 0:52:42]} Bf4 {[%clk 0:24:48]} 33. Bf3
{[%clk 0:50:18]} Rxc1 {[%clk 0:25:07]} 34. Rxc1 {[%clk 0:50:36]} Bxc1
{[%clk 0:25:33]} 35. bxa4 {[%clk 0:50:48]} Nd7 {[%clk 0:25:38]} 36. Nd4
{[%clk 0:50:17]} Nc5 {[%clk 0:24:52]} 37. Nb3 {[%clk 0:49:55]} 1/2-1/2

[Event "EYCC 2024 - O12"]
[Site "?"]
[Date "2024.08.29"]
[Round "7.15"]
[White "Sakotic, Nikola"]
[Black "Gabadadze, Gabriel"]
[Result "1-0"]
[BlackElo "2016"]
[WhiteElo "1984"]
[LiveChessVersion "1.4.8"]

1. Nf3 {[%clk 1:30:21]} c5 {[%clk 1:30:48]} 2. c4 {[%clk 1:30:40]} Nc6
{[%clk 1:30:55]} 3. g3 {[%clk 1:31:04]} g6 {[%clk 1:30:58]} 4. Bg2
{[%clk 1:31:29]} Bg7 {[%clk 1:30:58]} 5. Nc3 {[%clk 1:31:50]} e6 {[%clk 1:29:55]}
6. d4 {[%clk 1:24:27]} cxd4 {[%clk 1:27:11]} 7. Nb5 {[%clk 1:24:42]} d5
{[%clk 1:26:15]} 8. cxd5 {[%clk 1:25:05]} Qa5+ {[%clk 1:25:38]} 9. Nd2
{[%clk 1:25:29]} Qxb5 {[%clk 1:25:11]} 10. dxc6 {[%clk 1:25:54]} Ne7
{[%clk 1:22:19]} 11. a4 {[%clk 1:24:58]} Qa6 {[%clk 1:06:52]} 12. b4
{[%clk 1:23:45]} bxc6 13. b5 {[%clk 1:22:23]} Qa5 {[%clk 0:46:55]} 14. Ba3
{[%clk 1:10:59]} Qc7 {[%clk 0:30:03]} 15. Nc4 {[%clk 1:04:40]} O-O
{[%clk 0:25:00]} 16. Bd6 {[%clk 1:02:31]} Qd8 {[%clk 0:22:14]} 17. Rc1
{[%clk 0:53:58]} cxb5 {[%clk 0:16:29]} 18. axb5 {[%clk 0:53:22]} Nd5
{[%clk 0:16:41]} 19. Bxf8 {[%clk 0:49:07]} Qxf8 {[%clk 0:16:22]} 20. O-O
{[%clk 0:48:44]} Rb8 {[%clk 0:11:46]} 21. Qd3 {[%clk 0:39:34]} Bd7
{[%clk 0:07:00]} 22. Bxd5 {[%clk 0:36:35]} exd5 {[%clk 0:07:21]} 23. Na3
{[%clk 0:36:41]} Qd6 {[%clk 0:05:27]} 24. Ra1 {[%clk 0:32:05]} h5
{[%clk 0:04:40]} 25. Nc2 {[%clk 0:29:16]} Bxb5 {[%clk 0:03:57]} 26. Qf3
{[%clk 0:29:34]} Rc8 {[%clk 0:03:06]} 27. Ne1 {[%clk 0:27:54]} a6
{[%clk 0:02:01]} 28. Nd3 {[%clk 0:28:07]} Rd8 {[%clk 0:01:01]} 29. Qf4
{[%clk 0:27:55]} Qe6 {[%clk 0:00:52]} 30. Qc7 {[%clk 0:26:43]} Rc8
{[%clk 0:00:33]} 31. Qb7 {[%clk 0:26:56]} Rd8 {[%clk 0:00:37]} 32. Nf4
{[%clk 0:26:48]} Qe5 {[%clk 0:00:32]} 33. Rac1 {[%clk 0:26:28]} Bc4
{[%clk 0:00:34]} 34. Rb1 {[%clk 0:26:00]} h4 {[%clk 0:00:31]} 35. Rfe1
{[%clk 0:24:36]} hxg3 {[%clk 0:00:35]} 36. hxg3 {[%clk 0:25:05]} Bb5
{[%clk 0:00:33]} 37. Rbc1 {[%clk 0:25:03]} Bc4 {[%clk 0:00:42]} 38. Nd3
{[%clk 0:24:50]} Qf6 {[%clk 0:00:46]} 39. Qc7 {[%clk 0:23:49]} Re8
{[%clk 0:00:32]} 40. Nf4 {[%clk 0:22:56]} 1-0

[Event "EYCC 2024 - O12"]
[Site "?"]
[Date "2024.08.29"]
[Round "7.16"]
[White "Zhang, Yibo"]
[Black "Filindash, Nikita"]
[Result "0-1"]
[BlackElo "2067"]
[WhiteElo "1938"]
[LiveChessVersion "1.4.8"]

1. e4 {[%clk 1:30:52]} e5 {[%clk 1:30:51]} 2. Nf3 {[%clk 1:31:07]} Nf6
{[%clk 1:31:19]} 3. Nc3 {[%clk 1:24:53]} Bb4 {[%clk 1:31:31]} 4. a3
{[%clk 1:20:31]} Ba5 {[%clk 1:19:17]} 5. Be2 {[%clk 1:03:34]} O-O
{[%clk 1:19:28]} 6. b4 {[%clk 1:02:07]} Bb6 {[%clk 1:19:54]} 7. d3
{[%clk 1:01:58]} c6 {[%clk 1:12:46]} 8. O-O {[%clk 0:56:24]} h6 {[%clk 1:09:39]}
9. d4 {[%clk 0:49:10]} exd4 {[%clk 0:49:16]} 10. Nxd4 {[%clk 0:48:00]} Qe8
{[%clk 0:48:12]} 11. Bb2 {[%clk 0:33:21]} d6 {[%clk 0:39:33]} 12. Bf3
{[%clk 0:17:54]} Bc7 {[%clk 0:39:06]} 13. Re1 {[%clk 0:17:14]} Nbd7
{[%clk 0:18:06]} 14. Kh1 {[%clk 0:05:46]} Ne5 {[%clk 0:16:45]} 15. Be2
{[%clk 0:05:40]} Neg4 {[%clk 0:10:05]} 16. Rf1 {[%clk 0:04:44]} d5
{[%clk 0:01:38]} 17. Bxg4 {[%clk 0:01:04]} Bxg4 {[%clk 0:00:40]} 18. f3
{[%clk 0:01:04]} Qe5 {[%clk 0:00:47]} 19. g3 {[%clk 0:00:37]} Bh5
{[%clk 0:00:41]} 20. exd5 {[%clk 0:00:39]} Nxd5 {[%clk 0:00:59]} 21. Nxd5
{[%clk 0:00:38]} Qxd5 {[%clk 0:01:03]} 22. Qd3 {[%clk 0:00:40]} Rad8
{[%clk 0:01:12]} 23. c4 {[%clk 0:00:40]} Qg5 {[%clk 0:00:39]} 24. Qf5
{[%clk 0:00:39]} Qd2 {[%clk 0:00:35]} 25. Qc2 {[%clk 0:00:35]} Rxd4
{[%clk 0:01:00]} 26. Qxd2 {[%clk 0:00:33]} Rxd2 27. Bc3 Rd3 {[%clk 0:01:56]} 28.
Rac1 {[%clk 0:01:27]} Bxf3+ {[%clk 0:02:04]} 29. Kg1 {[%clk 0:01:56]} f6
{[%clk 0:02:13]} 30. Ba1 {[%clk 0:01:49]} Be5 {[%clk 0:02:32]} 0-1